Изучение минеральных новообразований подземных водозаборов города Томска; Актуальные вопросы геологии и географии Сибири; Т. 3

Dettagli Bibliografici
Parent link:Актуальные вопросы геологии и географии Сибири: материалы научной конференции, посвященной 120-летию основания Томского государственного университета, Томск, 1-4 апреля 1998 г./ Томский государственный университет.— , 1998-
Т. 3.— 1998.— С. 38-42
Altri autori: Вологдина И. В., Лычагин Д. В., Покровский Д. С., Рогов Г. М. Геннадий Маркелович, Тайлашев А. С., Дутова Е. М. Екатерина Матвеевна
Lingua:russo
Pubblicazione: 1998
Soggetti:
Natura: MixedMaterials Capitolo di libro
KOHA link:https://koha.lib.tpu.ru/cgi-bin/koha/opac-detail.pl?biblionumber=203693

MARC

LEADER 00000naa2a2200000 4500
001 203693
005 20240205153950.0
035 |a (RuTPU)RU\TPU\book\221983 
035 |a RU\TPU\book\195564 
090 |a 203693 
100 |a 20111110d1998 k y0rusy50 ca 
101 0 |a rus 
102 |a RU 
200 1 |a Изучение минеральных новообразований подземных водозаборов города Томска  |f И. В. Вологдина [и др.] 
320 |a Библиогр.: c. 42 (6 назв.) 
461 1 |0 (RuTPU)RU\TPU\book\44719  |t Актуальные вопросы геологии и географии Сибири  |o материалы научной конференции, посвященной 120-летию основания Томского государственного университета, Томск, 1-4 апреля 1998 г.  |f Томский государственный университет  |d 1998- 
463 0 |0 (RuTPU)RU\TPU\book\43955  |t  Т. 3  |v С. 38-42  |d 1998  |p 311 с. 
610 1 |a труды учёных ТПУ 
701 1 |a Вологдина  |b И. В. 
701 1 |a Лычагин  |b Д. В. 
701 1 |a Покровский  |b Д. С. 
701 1 |a Рогов  |b Г. М.  |c российский гидрогеолог  |c профессор Томского политехнического университета  |c ректор ТГАСУ (1967-2005)  |f 1930-2008  |g Геннадий Маркелович  |3 (RuTPU)RU\TPU\pers\19857 
701 1 |a Тайлашев  |b А. С. 
701 1 |a Дутова  |b Е. М.  |c гидрогеолог  |c профессор Томского политехнического университета, доктор геолого-минералогических наук  |f 1956-  |g Екатерина Матвеевна  |3 (RuTPU)RU\TPU\pers\26078  |9 11916 
801 1 |a RU  |b 63413507  |c 20081225  |g PSBO 
801 2 |a RU  |b 63413507  |c 20170411  |g PSBO 
942 |c BK